000 00442nam a2200169Ia 4500
003 LK-CoDNM
008 010623t xxu||||| |||| 00| 1 eng d
040 _aLK-CoDNM
_dLK-CoDNM
_eLK-CoDNM
041 _aeng
080 _a795.41
_bJAY
100 _aJayarajan, P.M.
245 _aThe weak no trump with strong opening bids in every suit
260 _bWorld bridge federation
300 _b75, 18.5 cm
650 _aSports Games
942 _cBK
999 _c136630
_d136630